Simbolis Lietuvos kultūroje
| Titel: | Simbolis Lietuvos kultūroje = The symbol in the culture of Lithuania / sudarytoja Elvyra Usačiovaitė |
|---|---|
| Beteiligt: | |
| Veröffentlicht: | Vilnius : Lietuvos kultūros tyrimų institutas, 2019 |
| Umfang: | 326 Seiten : Illustrationen |
| Format: | Buch |
| Sprache: | Litauisch |
| Schriftenreihe/ mehrbändiges Werk: |
Senovės baltų kultūra ; t. 10 |
| ISBN: | 9786098231151 |
| Hinweise zum Inhalt: |
Inhaltsverzeichnis
Cover Register |
alg: 48627277 001A $03004:12-10-21 001B $01999:20-11-24 $t22:50:23.000 001D $03004:12-10-21 001U $0utf8 001X $00 002@ $0Aau 002C $aText $btxt $2rdacontent 002D $aohne Hilfsmittel zu benutzen $bn $2rdamedia 002E $aBand $bnc $2rdacarrier 003@ $048627277X 003O $01153247767 $aOCoLC 004A $A978-609-8231-15-1 007A $048627277X $aHEB 007G $0DE020A6EF7ADE1EFA6D44C12587970051202B 009P $qapplication/pdf $A2 $3Inhaltsverzeichnis $uhttp://scans.hebis.de/HEBCGI/show.pl?48627277_toc.pdf $mV:DE-603;B:DE-Mb50 009P $qapplication/pdf $A2 $3Cover $uhttp://scans.hebis.de/HEBCGI/show.pl?48627277_cov.pdf $mV:DE-603;B:DE-Mb50 009P $qapplication/pdf $A2 $3Register $uhttp://scans.hebis.de/HEBCGI/show.pl?48627277_idx.pdf $mV:DE-603;B:DE-Mb50 010@ $alit 010E $erda 011@ $a2019 $n2019 013D $#Beiträge Formschlagwort $#Einzelbeiträge $#Sammelwerk Formschlagwort $74143413-4 $8Aufsatzsammlung [Ts1] $9085562742 013D $RFortlaufendes Sammelwerk $#Monographic series $#Series (Publications) $#Collections éditoriales $#Series monográficas $#Schriftenreihe $#Serie Buch $#Reihe Buch $#Buchreihe $#Buchserie $#Schriftenreihe $#Monographische Reihe $74179998-7 $8Monografische Reihe [Tsz] $9085858323 021A $aSimbolis Lietuvos kultūroje $fThe symbol in the culture of Lithuania $hsudarytoja Elvyra Usačiovaitė 028C $BHerausgeber $#Usačiovaitė, E. $4edt $7 $8Usačiovaitė, Elvyra [Tnd] $9139510710 033A $pVilnius $nLietuvos kultūros tyrimų institutas 034D $a326 Seiten 034M $aIllustrationen 036E $aSenovės baltų kultūra $lt. 10 037A $aLiteraturangaben 044K $RLitovskaja Gubernija $RLitauische Sozialistische Sowjetrepublik $#Litauen $#Litauen $#Litauen $#Lithuania $#Lietuvos Respublika $#République Lithuanienne $#Lithuanie $#Litva 1918 - 1940, 1991, 9 - $#Litovskaja Respublika $#Lithuania 1918 - 1940, 1991, 9 - $#Republik Litauen $#Republic of Lithuania $#Lithuanian Republic $#Litauische Republik $#Lietuva $#Litwa $74074266-0 $8Litauen [Tg1] $9085209074 044K $RSymbolik $RZeichen $#Signs and symbols $#Signes et symboles $#Signos y símbolos $#Symbol $#Symbole $#Sinnbild $#Symbole $74058716-2 $8Symbol [Ts1] $9085163295 044K $RKulturphilosophie $RZivilisation $#Civilization $#Culture $#Civilisation $#Culture $#Cultura $#Civilización $#Kultur $#Kultur $#kulturelle Faktoren $74125698-0 $8Kultur [Tsz] $9085424803 044K $RTraditionale Gesellschaft $RTraditionale Kultur $#Tradition (Philosophy) $#Rites and ceremonies $#Manners and customs $#Tradition (philosophie) $#Rites et cérémonies $#Moeurs et coutumes $#Tradizionalismo $#Tradition $#Tradition $#Überlieferung $#Rückerinnerung Tradition $74060560-7 $8Tradition [Ts1] $9085168076 045F $a306.094793 $eDDC23BSB 045F/01 $a306.09 045F/03 $g4793 045R $aGeschichte 046L $aEnglische Zusammenfassung lok: 48627277 24 exp: 48627277 24 1 #EPN 201B/01 $002-07-25 $t11:59:27.000 201C/01 $012-10-21 201U/01 $0utf8 203@/01 $01170584950 208@/01 $a12-10-21 $bz 209A/01 $a21.05417 $du $f050 $h21 05417 $x00 209C/01 $a21.05417 T $h21 05417 T 209G/01 $a74111831 $x00 220C/01 $acer 247C/01 $8358050-7Marburg, Bibliothek des Herder-Instituts Marburg $9102600961 lok: 48627277 78 exp: 48627277 78 1 #EPN 201B/01 $013-02-24 $t15:36:31.000 201C/01 $013-02-24 201U/01 $0utf8 203@/01 $01256376736 208@/01 $a13-02-24 $be 209A/01 $a/ $f000 $x00 209A/01 $ab*p $x01 220C/01 $apgar 244Z/01 $#Litauen $#Litauen $#Litauen $#Lithuania $#Lietuvos Respublika $#République Lithuanienne $#Lithuanie $#Litva 1918 - 1940, 1991, 9 - $#Litovskaja Respublika $#Lithuania 1918 - 1940, 1991, 9 - $#Republik Litauen $#Republic of Lithuania $#Lithuanian Republic $#Litauische Republik $#Lietuva $#Litwa $74074266-0 $8--Tg1--Litauen $x10 $9085209074 247C/01 $82080>Marburg/Lahn, Herder-Institut, Forschungsbibliothek, Bibliographieportal $9336309341
| LEADER | 00000cam a2200000 c 4500 | ||
|---|---|---|---|
| 001 | 48627277X | ||
| 003 | DE-603 | ||
| 005 | 20241120225023.0 | ||
| 007 | tu | ||
| 008 | 211012s2019 xx |||| | u00||u|lit c | ||
| 020 | |a 9786098231151 | ||
| 035 | |a (DE-599)HEB48627277X | ||
| 035 | |a (OCoLC)1153247767 | ||
| 040 | |a DE-603 |b ger |c DE-603 |d DE-603 |e rda | ||
| 041 | |a lit | ||
| 082 | 0 | 4 | |8 1\u |a 306.094793 |q DE-101 |2 23/BSB |
| 085 | |8 1\u |b 306.09 | ||
| 085 | |8 1\u |z 2 |s 4793 | ||
| 245 | 0 | 0 | |a Simbolis Lietuvos kultūroje |b = The symbol in the culture of Lithuania |c sudarytoja Elvyra Usačiovaitė |
| 264 | 1 | |a Vilnius |b Lietuvos kultūros tyrimų institutas |c 2019 | |
| 300 | |a 326 Seiten |b Illustrationen | ||
| 336 | |a Text |b txt |2 rdacontent | ||
| 337 | |a ohne Hilfsmittel zu benutzen |b n |2 rdamedia | ||
| 338 | |a Band |b nc |2 rdacarrier | ||
| 490 | 0 | |a Senovės baltų kultūra |v t. 10 | |
| 500 | |a Literaturangaben | ||
| 546 | |a Englische Zusammenfassung | ||
| 648 | 7 | |a Geschichte |2 gnd | |
| 650 | 7 | |a Symbol |0 (DE-588)4058716-2 |0 (DE-603)085163295 |2 gnd | |
| 650 | 7 | |a Kultur |0 (DE-588)4125698-0 |0 (DE-603)085424803 |2 gnd | |
| 650 | 7 | |a Tradition |0 (DE-588)4060560-7 |0 (DE-603)085168076 |2 gnd | |
| 651 | 7 | |a Litauen |0 (DE-588)4074266-0 |0 (DE-603)085209074 |2 gnd | |
| 655 | 7 | |a Aufsatzsammlung |2 gnd-content |0 (DE-588)4143413-4 |0 (DE-603)085562742 | |
| 655 | 7 | |a Monografische Reihe |2 gnd-content |0 (DE-588)4179998-7 |0 (DE-603)085858323 | |
| 700 | 1 | |a Usačiovaitė, Elvyra |e Herausgeber |4 edt |0 (DE-603)139510710 | |
| 856 | 4 | 2 | |m V:DE-603;B:DE-Mb50 |q application/pdf |u http://scans.hebis.de/HEBCGI/show.pl?48627277_toc.pdf |3 Inhaltsverzeichnis |
| 856 | 4 | 2 | |m V:DE-603;B:DE-Mb50 |q application/pdf |u http://scans.hebis.de/HEBCGI/show.pl?48627277_cov.pdf |3 Cover |
| 856 | 4 | 2 | |m V:DE-603;B:DE-Mb50 |q application/pdf |u http://scans.hebis.de/HEBCGI/show.pl?48627277_idx.pdf |3 Register |
| 924 | 0 | |9 Mb 50 |a (DE-603)1170584950 |b DE-Mb50 |c HES |d c |g 21.05417 | |
| 924 | 0 | |9 2080 |a (DE-603)1256376736 |b DE-2080 |c HES |d d |g / | |


